Fontaines D.C. - Bug [Lyrics] - Statistiques

Statistiques générales
  • Ce quiz a été pris 15 fois
  • Le résultat moyen est 208 sur 306
Statistiques - réponses
Lyric % Correct
a
100%
all
100%
Changed
100%
changed
100%
I
100%
I
100%
my
100%
name
100%
"promise
100%
promise
100%
"Promise
100%
to
100%
to,
100%
want
100%
yeah
100%
yeah ?
100%
yeah,
100%
Yeah,
100%
you",
100%
you,
100%
you
100%
You"
100%
baby
90%
Say
90%
say
90%
swear
90%
wanted
90%
be
80%
But
80%
but
80%
(But
80%
call
80%
'cause
80%
Didn't
80%
Do
80%
Dying
80%
for
80%
her
80%
here
80%
In
80%
in
80%
inside
80%
on
80%
she
80%
The
80%
the
80%
way
80%
And
70%
anyone
70%
are
70%
before
70%
feeling
70%
Honey
70%
I'm
70%
I've
70%
me
70%
me,
70%
MUA
70%
she's
70%
She's
70%
than
70%
Then
70%
again
60%
at
60%
coming
60%
down
60%
eight
60%
end
60%
fall
60%
gone
60%
gone)
60%
Hall
60%
happened
60%
it
60%
nothing
60%
Now
60%
now
60%
of
60%
that
60%
That
60%
Twenty
60%
years
60%
your
60%
apologize
50%
As
50%
as
50%
can't
50%
Carnegie
50%
chased
50%
gully
50%
had
50%
heaven
50%
higher
50%
know,
50%
life ?
50%
long
50%
losing
50%
man
50%
night
50%
night,
50%
one
50%
rain
50%
there
50%
ugliest
50%
vanity
50%
we
50%
what
50%
accept
40%
Ah,
40%
ah
40%
Ah
40%
ain't
40%
apologies
40%
beret
40%
dirt
40%
easier
40%
fade
40%
favorite
40%
He's
40%
I'll
40%
like
40%
making
40%
mirror,
40%
nobody
40%
quite
40%
remember
40%
'round
40%
son
40%
up
40%
we're
40%
will
40%
Will
40%
almost
30%
bouquet
30%
charges ?
30%
curls
30%
Does
30%
felt
30%
get
30%
his
30%
morning
30%
out
30%
promised
30%
reflecting
30%
remainder
30%
sun,
30%
sun
30%
swift
30%
there's
30%
they
30%
thought
30%
threw
30%
'Til
30%
was
30%
wedding
30%
Well
30%
Well,
30%
with
30%
abandonment
20%
Catch
20%
charmless
20%
day
20%
further
20%
I'd
20%
it's
20%
sweet
20%
fooling
10%
shacked
10%
Silent
10%
Aucun quiz correspondant
Distribution des résultats
% des personnes avec chaque résultat
Percentile par nombre de réponses
Votre historique - résultats
Vous n’avez pas pris ce quiz